Gaming Quiz

Random Gaming Quiz

Ddo races and classes Quiz Stats

 Plays Quiz not verified by Sporcle

Score 0/20 Timer 10:00
0 Plays Today
% Correct
fighter
97.8%
elf
93.5%
human
93.5%
human
93.5%
wizard
93.5%
barbarian
91.3%
bard
91.3%
halfling
87%
half orc
87%
sorcerer
87%
% Correct
cleric
87%
dwarf
84.8%
half elf
84.8%
ranger
84.8%
paladin
82.6%
monk
82.6%
warforged
80.4%
favored soul
76.1%
rouge
67.4%
drow elf
60.9%

You're not logged in!

Compare scores with friends on all Sporcle quizzes.
OR
Log In

Show Comments

Extras

Created Apr 17, 2011ReportNominate
Tags:class, race

Top Quizzes Today


Score Distribution

Your Account Isn't Verified!

In order to create a playlist on Sporcle, you need to verify the email address you used during registration. Go to your Sporcle Settings to finish the process.

Report this User

Report this user for behavior that violates our Community Guidelines.

Details: